Regalos para todo el año

Uloženo v:
Podrobná bibliografie
Hlavní autoři: Emirch, Hanne (Autor), Hufner, Claudia (Autor), Lohse, Britta F (Autor), Rohr, Heidrun (Autor), Schulze, Reinhild (Autor)
Médium: Kniha
Jazyk:španělština
Vydáno: Barcelona Ceac 1993
Edice:Hobby Infantil
Témata:
Tagy: Přidat tag
Žádné tagy, Buďte první, kdo vytvoří štítek k tomuto záznamu!

MARC

LEADER 00000nam a2200000 a 4500
001 UCU2138
003 CL-VaPUC
008 960419e19930000SP |||||||||||||||||spa|d
082 0 4 |a 372.55  |b EMI  |2 21 
100 0 |a Emirch, Hanne  |e author  |9 358098 
700 0 |a Hufner, Claudia  |e author  |9 358099 
700 0 |a Lohse, Britta F  |e author  |9 358100 
700 0 |a Rohr, Heidrun  |e author  |9 358101 
700 0 |a Schulze, Reinhild  |e author  |9 358102 
245 1 0 |a Regalos para todo el año 
300 |a 31 p 
942 |c BK 
945 |d 19960419 00:00:00  |a rleighto 
260 |a Barcelona  |b Ceac  |c 1993 
650 0 |a Artes manuales  |9 358103 
650 0 |a Métodos de enseñanza  |9 270413 
650 7 |a METODOS PEDAGOGICOS  |2 CL-VaPUC  |9 358104 
650 0 |a Educación de niños  |9 307451 
583 |a last modification  |c 19960419 00:00:00  |k Rodrigo Vera 
490 0 |a Hobby Infantil 
999 |c 246519  |d 246517 
952 |0 0  |1 0  |4 0  |6 372_550000000000000_EMI_1993  |7 0  |8 A  |9 261578  |a BIBEDU  |b BIBEDU  |d 2019-11-19  |i 3192253  |o 372.55 EMI 1993  |p 3192253  |r 2019-11-19  |w 2019-11-19  |y BK  |k EPE